Villes organisatrices des jeux olympiques d'été - Statistiques

Statistiques générales
  • Ce quiz a été pris 335 fois
  • Le résultat moyen est 25 sur 29
Statistiques - réponses
Année Réponse % Correct
2012 Londres
98%
1948 Londres
98%
1908 Londres
98%
2016 Rio de Janeiro
97%
2020 Tokyo
97%
1964 Tokyo
97%
2004 Athènes
96%
1896 Athènes
96%
1924 Paris
96%
1900 Paris
96%
2008 Pékin
96%
2000 Sydney
94%
1992 Barcelone
93%
1984 Los Angeles
93%
1932 Los Angeles
93%
1936 Berlin
88%
1980 Moscou
87%
1960 Rome
87%
1996 Atlanta
86%
1968 Mexico
84%
1988 Séoul
81%
1972 Munich
77%
1976 Montréal
72%
1928 Amsterdam
70%
1952 Helsinki
65%
1912 Stockholm
65%
1956 Melbourne
60%
1920 Anvers
58%
1904 Saint Louis
52%
Aucun quiz correspondant
Distribution des résultats
% des personnes avec chaque résultat
Percentile par nombre de réponses
Votre historique - résultats
Vous n’avez pas pris ce quiz